Rejuvenation of mature clones of Hevea brasiliensis (Muell. Arg.) (Record no. 66660)

MARC details
000 -LEADER
fixed length control field 00445nam a2200169Ia 4500
100 ## - MAIN ENTRY--AUTHOR NAME
Personal name Perrin Y
245 #0 - TITLE STATEMENT
Title Rejuvenation of mature clones of Hevea brasiliensis (Muell. Arg.)
260 ## - PUBLICATION, DISTRIBUTION, ETC. (IMPRINT)
Name of publisher Canadian Journal of Plant Science
Year of publication 1994
300 ## - PHYSICAL DESCRIPTION
Number of Pages 623-630
500 ## - GENERAL NOTE
General note Source Year: 1994
700 ## - ADDED ENTRY--PERSONAL NAME
Personal name Caron M P
700 ## - ADDED ENTRY--PERSONAL NAME
Personal name Enjalric F
700 ## - ADDED ENTRY--PERSONAL NAME
Personal name Lardet L
856 ## - ELECTRONIC LOCATION AND ACCESS
Uniform Resource Identifier BA
942 ## - ADDED ENTRY ELEMENTS (KOHA)
Koha item type Journals
Holdings
Withdrawn status Lost status Damaged status Not for loan Home library Current library Shelving location Date acquired Serial Enumeration / chronology Koha item type
      Journals RRII Library RRII Library Botany 17/12/2021 Volume 74, Issue 3 Journals